00308nam a2200097Ia 4500008004100000082000800041245004100049942000600090952009900096999001500195240331s9999 xx 000 0 und d bLIF 0alifco thamil thamil angilam agarathi cL 001040708LaWERCLbWERCLcSSCd2024-03-31l0o 030.491 LIFp4274r2024-03-31w2024-03-31yL c3246d3246